| 000 | 00387 a2200157 4500 | ||
|---|---|---|---|
| 020 | _a0706998278 | ||
| 082 | _a658.15 | ||
| 090 |
_c2650 _d2650 |
||
| 100 | _aVenkatesh,S. | ||
| 245 |
_aAccounting for Management _cS.Venkatesh |
||
| 250 | _a3rd | ||
| 260 |
_aNew Delhi _bS.K.Bhattacharyya John Dearden _c1997 |
||
| 300 | _a420p | ||
| 500 | _aPaper cover | ||
| 942 |
_aNBS _cBK _k658.15 BHA |
||
| 999 |
_c345143 _d345143 |
||